000 00726nam a2200265Ia 4500
005 20260302114818.0
008 008 260114s9999 xx 000 0 eng d
020 _a9781501384806
037 _aTextbook
040 _aCRL
040 _beng
040 _cCRL
041 _2eng
041 _aeng
084 _qCRL
100 _aDarko Suvin
_91119839
245 0 _aDisputing the Deluge Collected 21st-Century Writings on Utopia, Narration, and Survival
260 _bBloomsbury
260 _bBloomsbury Academic
260 _c2021
650 _aLiterary Studies
856 _uhttps://doi.org/10.5040/9781501384806?locatt=label:secondary_bloomsburyCollections
942 _cEBOOK
999 _c1683926
_d1683926